000 00493nam a2200133Ia 4500
008 160809s9999 xx 000 0 und d
100 _aVeiseh, Seidmehdi.
245 _aAssessing the Skills and Competencies Among Principals in Telecommunication Company Located in Ilam
245 _cSeidmehdi Veiseh, Yasan allah Poorashraf.
260 _bComputer Science and Information Technology
260 _cJanuary 2016
650 _xINFORMATION TECHNOLOGY
856 _uhttp://airccse.org/V6N49.html
999 _c300052
_d300052